Jeu De Paris à... en changeant une lettre - Statistiques

Statistiques générales
  • Ce quiz a été pris 73 fois
  • Le résultat moyen est 17 sur 79
Statistiques - réponses
Hint Réponse % Correct
De Paris au 77 Capitale de la France Paris
100%
De Paris au 12 Capitale de la France Paris
100%
De Paris au 62 Capitale de la France Paris
100%
De Paris au 19 Capitale de la France Paris
100%
De Paris au 04 Capitale de la France Paris
100%
De Paris au 19 Capitale de la France Paris
100%
De Paris au 51 Capitale de la France Paris
100%
De Paris au 13 Capitale de la France Paris
100%
De Paris au 71 Capitale de la France Paris
100%
De Paris au 12 Prêts ! Parés
39%
De Paris au 19 Rémunérations Paies
35%
De Paris au 19 Implorés Priés
32%
De Paris au 19 Coup au bowling Spare
32%
De Paris au 12 Peu colorés Pâles
27%
De Paris au 51 Cité des sacres Reims
26%
De Paris au 19 Encaustiquée Cirée
24%
De Paris au 13 Hautes pour le 05 Alpes
21%
De Paris au 51 Par la suite Après
21%
De Paris au 51 Miches Pains
21%
De Paris au 19 Claironnés Criés
20%
De Paris au 51 Leur tour est douloureux Reins
20%
De Paris au 19 Calot Bille
18%
De Paris au 19 Vent de mer Brise
18%
De Paris au 19 Epluchas Pelas
18%
De Paris au 19 Tissu de tutu Tulle
18%
De Paris au 19 Enfant Fille
17%
De Paris au 19 Accès violent Crise
15%
De Paris au 77 Frein de vélo Patin
15%
De Paris au 19 Edit papal Bulle
14%
De Paris au 77 Petit à l'aube Matin
14%
De Paris au 77 Pays de Brie Melun
14%
De Paris au 62 Trouent la peau Pores
14%
De Paris au 13 Bourg d'arênes Arles
12%
De Paris au 77 Gardien Maton
12%
De Paris au 04 Jaunes, elles renseignent Pages
12%
De Paris au 62 Evalues Pèses
12%
De Paris au 19 Sous le pont Piles
12%
De Paris au 51 Girons Seins
12%
De Paris au 77 Rouge aux Etats-Unis Bâton
11%
De Paris au 19 Gaillarde Limousine Brive
11%
De Paris au 12 Crypter Coder
11%
De Paris au 19 Epiée à pied Filée
11%
De Paris au 77 Terre inculte Pâtis
11%
De Paris au 62 Déficit Perte
11%
De Paris au 51 Robustes Sains
11%
De Paris au 77 Huître Belon
9%
De Paris au 77 Matériau à coffrer Béton
9%
De Paris au 13 Dispersés Epars
9%
De Paris au 77 Tête à chapeau Melon
9%
De Paris au 62 Rituel de la boxe Pesée
9%
De Paris au 04 Station thermale Digne
8%
De Paris au 04 Fruit violacé Figue
8%
De Paris au 62 Fléau Peste
8%
De Paris au 62 Attitudes Poses
8%
De Paris au 12 Chez les Ruthénois Rodez
8%
De Paris au 04 Vêtir Saper
8%
De Paris au 71 A l'habitude de faire le mur Mâcon
6%
De Paris au 19 Usés Rapés
6%
De Paris au 62 Station balnéaire Berck
5%
De Paris au 12 Baisser les bras Céder
5%
De Paris au 12 Dissimuler Céler
5%
De Paris au 04 Brise-lame Digue
5%
De Paris au 19 Biles Fiels
5%
De Paris au 62 Traverse Perce
5%
De Paris au 12 Tester Rôder
5%
De Paris au 04 Immobilisés Figés
3%
De Paris au 71 Juste milieu Mitan
3%
De Paris au 71 Caravelle Pinta
3%
De Paris au 62 Bien balancé Bercé
2%
De Paris au 04 Interdite Figée
2%
De Paris au 12 Mission impossible avec des tongs Lacer
2%
De Paris au 04 Années d'Audiard Piges
2%
De Paris au 13 Poissons Plies
2%
De Paris au 62 Menu plaisir Repas
2%
De Paris au 51 Colorant brun Sépia
2%
De Paris au 71 Doux aux pieds Tapis
2%
De Paris au 13 Battues par le cardinal Ailes
0%
De Paris au 71 Tête de lit Amont
0%
De Paris au 12 Balèzes Calés
0%
Aucun quiz correspondant
Distribution des résultats
% des personnes avec chaque résultat
Percentile par nombre de réponses
Votre historique - résultats
Vous n’avez pas pris ce quiz